000
00228nam a2200109Ia 4500
008
190216s9999||||xx |||||||||||||| ||und||
100
_a
Adward Acton
245
0
_a
Russia
260
_b
Longmans
650
_a
History
942
_c
BK
999
_c
20103
_d
20103